| 000 | 00864nam a2200253 a 4500 | ||
|---|---|---|---|
| 001 | 71897 | ||
| 003 | BD-RjUL | ||
| 005 | 20211209082159.0 | ||
| 008 | 170509r19651932enka 001 0 eng | ||
| 035 | _a(BD-RjUL)72113 | ||
| 040 |
_aDLC _cWSU _dSER _dMYG _dBD-RjUL _beng |
||
| 041 | _aeng | ||
| 082 |
_223 _a537.1 _bVLT 1966 |
||
| 100 | 1 |
_aVan Vleck, J. H. _q(John Hasbrouck), _d1899-1980. _9212661 |
|
| 245 | 1 | 4 |
_aThe theory of electric and magnetic susceptibilities / _cJohn H Van Vleck |
| 260 |
_aLondon : _bOxford University Press _c1932 [Reprinted1966] |
||
| 300 |
_axi, 384 p. : _bill. ; _c24 cm. |
||
| 490 | 1 | _aInternational series of monographs on physics | |
| 500 | _aReprint of the 1st ed., 1932. | ||
| 650 | 0 |
_aMagnetism. _9212662 |
|
| 650 | 0 |
_aElectricity. _9212663 |
|
| 830 | 0 |
_aInternational series of monographs on physics. _9153862 |
|
| 942 |
_2ddc _cBK |
||
| 999 |
_c71897 _d71897 |
||